Law of Indian elections and election petitions. (Record no. 73581)

MARC details
000 -LEADER
fixed length control field 00761cam a22002531 4500
001 - CONTROL NUMBER
control field sa 67002993
003 - CONTROL NUMBER IDENTIFIER
control field DLC
005 - DATE AND TIME OF LATEST TRANSACTION
control field 20260227112335.0
008 - FIXED-LENGTH DATA ELEMENTS--GENERAL INFORMATION
fixed length control field 830111s1967 ii l 000 0 eng
010 ## - LIBRARY OF CONGRESS CONTROL NUMBER
LC control number sa 67002993
035 ## - SYSTEM CONTROL NUMBER
System control number (OCoLC)9119677
040 ## - CATALOGING SOURCE
Original cataloging agency DLC
Transcribing agency MoU
Modifying agency DLC
042 ## - AUTHENTICATION CODE
Authentication code premarc
050 00 - LIBRARY OF CONGRESS CALL NUMBER
Classification number KNS2176
Item number .S66 1967
100 1# - MAIN ENTRY--PERSONAL NAME
Personal name Srivastava, Gur Sharan Lal,
Dates associated with a name 1910-
245 10 - TITLE STATEMENT
Title Law of Indian elections and election petitions.
Statement of responsibility, etc. With a foreword by J.K. Tandon.
250 ## - EDITION STATEMENT
Edition statement [3d ed.]
260 ## - PUBLICATION, DISTRIBUTION, ETC.
Place of publication, distribution, etc. Lucknow,
Name of publisher, distributor, etc. Eastern Book Co.
Date of publication, distribution, etc. [1967]
300 ## - PHYSICAL DESCRIPTION
Extent 2 v.
Dimensions 24 cm.
500 ## - GENERAL NOTE
General note Includes legislation.
505 0# - FORMATTED CONTENTS NOTE
Formatted contents note v. 1. Law of Indian elections.--v. 2. Law of petitions.
650 #0 - SUBJECT ADDED ENTRY--TOPICAL TERM
Topical term or geographic name entry element Election law
Geographic subdivision India.
710 1# - ADDED ENTRY--CORPORATE NAME
Corporate name or jurisdiction name as entry element India (Republic).

No items available.

Powered by Koha